La pregunta por el mťodo derecho y metodologa̕ de la investigacin̤ /

Detalles Bibliográficos
Autor principal: Agudelo Giraldo, Óscar Alexis
Otros Autores: Peą, Andrea Alarcn̤, Len̤ Molina, Jorge Enrique, Prieto Salas, Manuel Asdrb︢al, Jimňez-Triana, Juan Carlos
Formato: eBook
Lenguaje:español
Publicado: Bogot:̀ Universidad Catl̤ica de Colombia, 2018
Materias:
Acceso en línea:Acceso restringido

MARC

LEADER 00000nam a22000007a 4500
005 20190813220810.0
007 cr|||| ||||
008 190813s2018 co |||||s|||| 00||0 spa d
020 |a 9789585456181 
035 |a 24036 
040 |a vLex 
090 |c 9170  |d 9170 
100 1 |a Agudelo Giraldo, Óscar Alexis 
245 1 2 |a La pregunta por el mťodo  |h [Recurso electrn̤ico] :  |b derecho y metodologa̕ de la investigacin̤ /  |c Óscar Alexis Agudelo Giraldo, Andrea Alarcn̤ Peą, Jorge Enrique Len̤ Molina, Manuel Asdrb︢al Prieto Salas, Juan Carlos Jimňez-Triana 
256 |a Servicio en ln̕ea 
260 |a Bogot:̀  |b Universidad Catl̤ica de Colombia,  |c 2018 
300 |a 1 recurso electrn̤ico 
500 |a La presente obra es producto de la investigacin̤ que sustenta una relacin̤ tripartita entre la metodologa̕ de la investigacin̤ cientf̕ica como categora̕ genřica, las formas de investigacin̤ que generan conocimiento jurd̕ico, y los mťodos de investigacin̤ extrad̕os desde las nociones de ciencia jurd̕ica y ciencias auxiliares del derecho. Para ello, se recurre a la pregunta por los mťodos de investigacin̤ que se emplean en la labor de generacin̤ de conocimiento jurd̕ico, se substraen mťodos desde la lg̤ica, la semit̤ica, el anl̀isis econm̤ico del derecho, la tčnica legislativa y el derecho privado. Con ello, los autores sustentan el acoplamiento del punto de vista interno con el punto de vista externo en materia de metodologa̕ de la investigacin̤ jurd̕ica. 
506 1 |a Disponible solo en los productos indicados  |d vLex Global  |d vLex Global (Academic Edition, excluding Law Schools)  |d vLex Global (U.S. Academic Edition, Law Schools)  |d vLex Global (U.S. Academic Edition, excluding Law Schools)  |d vLex Global (Academic Edition, Law Schools) 
650 0 4 |a Derecho Militar  |z Colombia 
700 1 |a Peą, Andrea Alarcn̤ 
700 1 |a Len̤ Molina, Jorge Enrique 
700 1 |a Prieto Salas, Manuel Asdrb︢al 
700 1 |a Jimňez-Triana, Juan Carlos 
740 0 |a vLex Libros (Servicio en ln̕ea) 
856 4 0 |u http://vlex.com/source/pregunta-por-el-metodo-derecho-y-metodologia-de-la-investigacion-24036  |z Acceso restringido 
942 |c BOOK 
999 0 |a Military Law